Regional distribution of infrastructure and basic amenities in urban India: issues concerning empowerment of local bodies (Record no. 41643)

000 -LEADER
fixed length control field 01266pab a2200193 454500
008 - FIXED-LENGTH DATA ELEMENTS--GENERAL INFORMATION
fixed length control field 180718b1999 xxu||||| |||| 00| 0 eng d
100 ## - MAIN ENTRY--PERSONAL NAME
Personal name Kundu, Amitabh
245 ## - TITLE STATEMENT
Title Regional distribution of infrastructure and basic amenities in urban India: issues concerning empowerment of local bodies
260 ## - PUBLICATION, DISTRIBUTION, ETC.
Date of publication, distribution, etc. 1999
300 ## - PHYSICAL DESCRIPTION
Extent p.1893-1906
362 ## - DATES OF PUBLICATION AND/OR SEQUENTIAL DESIGNATION
Dates of publication and/or sequential designation 10 Jul
520 ## - SUMMARY, ETC.
Summary, etc. A state and size class wise analysis of the level of urban basic amenities reveals that disparities are extremely high in the nineties. The government and para-statal institutions have not exhibited sensitivity in favour of backward states, small and medium towns and the poor. Presently, privatisation, partnership arrangements and promotion of community-based projects have emerged as the only options for undertaking investments in basic amenities due to resource crunch in the government. This changed perspective and a consequent decline in public investment, however, are likely to accentuate the disparity in the levels of amenities across the size class of urban settlements. - Reproduced
650 ## - SUBJECT ADDED ENTRY--TOPICAL TERM
Topical term or geographic name entry element Local government - India
650 ## - SUBJECT ADDED ENTRY--TOPICAL TERM
Topical term or geographic name entry element Local government
700 ## - ADDED ENTRY--PERSONAL NAME
Personal name Kundu, Debolina
700 ## - ADDED ENTRY--PERSONAL NAME
Personal name Bagchi, Soumen
773 ## - HOST ITEM ENTRY
Main entry heading Economic and Political Weekly
909 ## -
-- 41643
Holdings
Withdrawn status Lost status Damaged status Not for loan Permanent Location Current Location Date acquired Serial Enumeration / chronology Barcode Date last seen Price effective from Koha item type
        Indian Institute of Public Administration Indian Institute of Public Administration 2018-07-19 Volume no: 34, Issue no: 28 AR42019 2018-07-19 2018-07-19 Articles

Powered by Koha